Оккупация юго-запада Ленинградской области в годы Великой Отечественной войны (Запись № 3676045)

Подробности
000 -МАРКЕР
контрольное поле 02231nam0a2200361 i 4500
001 - ИДЕНТИФИКАТОР ЗАПИСИ
контрольное поле RU\NLR\bibl\1960528
005 - ИДЕНТИФИКАТОР ВЕРСИИ
контрольное поле 20260407131435.0
010 ## - МЕЖДУНАРОДНЫЙ СТАНДАРТНЫЙ НОМЕР КНИГИ (ISBN)
Номер (ISBN) 9785987095034
Тираж 500
021 ## - НОМЕР ГОСУДАРСТВЕННОЙ РЕГИСТРАЦИИ
Код страны российская федерация
Номер 2012-75482
Номер Листа государственной регистраци 5589
035 ## - ДРУГИЕ СИСТЕМНЫЕ НОМЕРА
Идентификатор записи (nilc)RSL-KNO-005506443
035 ## - ДРУГИЕ СИСТЕМНЫЕ НОМЕРА
Идентификатор записи (NLR Aleph) 001949538
100 ## - ДАННЫЕ ОБЩЕЙ ОБРАБОТКИ
Данные общей обработки 20121010d2012 u y0rusy50 ca
101 0# - ЯЗЫК РЕСУРСА
Язык текста, звукозаписи и т.д. русский
102 ## - СТРАНА ПУБЛИКАЦИИ ИЛИ ПРОИЗВОДСТВА
Страна публикации российская федерация
105 ## - ПОЛЕ КОДИРОВАННЫХ ДАННЫХ: ТЕКСТОВЫЕ МАТЕРИАЛЫ, МОНОГРАФИЧЕСКИЕ
Кодированные данные о монографическом текстовом документе a |||||||||
200 1# - ЗАГЛАВИЕ И СВЕДЕНИЯ ОБ ОТВЕТСТВЕННОСТИ
Основное заглавие Оккупация юго-запада Ленинградской области в годы Великой Отечественной войны
Сведения, относящиеся к заглавию (воспоминания очевидцев)
Первые сведения об ответственности Санкт-Петербургский гос. ун-т, Науч.-исслед. ин-т комплексных социальных исслед., Лаб. археологии, ист. социологии и культурного наследия
Последующие сведения об ответственности [сост. А. В. Виноградов и др.]
210 ## - ПУБЛИКАЦИЯ, РАСПРОСТРАНЕНИЕ И ДР.
Место издания, распространения и т.д. Санкт-Петербург
Имя издателя, распространителя и т. д. Лема
Дата издания, распространения и т.д. 2012
215 ## - ФИЗИЧЕСКАЯ ХАРАКТЕРИСТИКА
Специфическое обозначение материала и объем 363 с.
Другие сведения о физической характеристике ил., портр.
Размеры 29
606 ## - НАИМЕНОВАНИЕ ТЕМЫ КАК ПРЕДМЕТ
Наименование темы Великая Отечественная война
Формальный подзаголовок Воспоминания, записки и т.п
Тематический подзаголовок Оккупированные районы
Географический подзаголовок Ленинградская область
Хронологический подзаголовок 1941 - 1945
Системный номер авторитетной/нормативной записи 2486494
Идентификатор авторитетной/нормативной записи RU\NLR\auth\661475683
606 ## - НАИМЕНОВАНИЕ ТЕМЫ КАК ПРЕДМЕТ
Наименование темы Ленинградская битва
Формальный подзаголовок Воспоминания, записки и т.п
Хронологический подзаголовок 1941 - 1944
Системный номер авторитетной/нормативной записи 2551242
Идентификатор авторитетной/нормативной записи RU\NLR\auth\661509637
686 1# - ИНДЕКСЫ ДРУГИХ КЛАССИФИКАЦИЙ
Индекс Ц35(2)722(2Р-4Ле),013
686 1# - ИНДЕКСЫ ДРУГИХ КЛАССИФИКАЦИЙ
Индекс Ц35(2)722.11(2Р-4Ле-2Ленинград),013
686 1# - ИНДЕКСЫ ДРУГИХ КЛАССИФИКАЦИЙ
Индекс Т3(2)722.9-9(2Р-4Ле)
702 #1 - ИМЯ ЛИЦА - ВТОРИЧНАЯ ОТВЕТСТВЕННОСТЬ
Код отношения Составитель
Материалы, к которым относится поле rus
Графика поля Кириллица
Начальный элемент ввода Виноградов
Часть имени, кроме начального элемента ввода А. В.
Дополнения к именам, кроме дат канд. ист. наук
Даты 1947-
Расширение инициалов личного имени Алексей Владимирович
Идентификатор авторитетной/нормативной записи RU\NLR\auth\7732294
Системный номер авторитетной/нормативной записи 15303
712 02 - НАИМЕНОВАНИЕ ОРГАНИЗАЦИИ - ВТОРИЧНАЯ ОТВЕТСТВЕННОСТЬ
Код отношения Прочие
Начальный элемент ввода НИИ комплексных социальных исследований
Идентифицирующий признак Санкт-Петербург
Структурное подразделение Лаборатория археологии, исторической социологии и культурного наследия
Идентификатор авторитетной/нормативной записи RU\NLR\AUTH\8810077483
Системный номер авторитетной/нормативной записи 657152
801 #0 - ИСТОЧНИК ЗАПИСИ
Страна российская федерация
Организация RuMoRKP
Дата составления 20121010
Правила каталогизации rcr
801 #1 - ИСТОЧНИК ЗАПИСИ
Страна российская федерация
Организация РГБ
Дата составления 20121010
801 #2 - ИСТОЧНИК ЗАПИСИ
Страна российская федерация
Организация NLR
Дата составления 20121026
Правила каталогизации rcr
942 ## - ДОПОЛНИТЕЛЬНЫЕ ЭЛЕМЕНТЫ ЗАПИСИ (АБИС)
Тип экземпляра АБИС Книга
980 ## - КОЛЛЕКЦИЯ
Название коллекции НБР

Нет доступных экземпляров.